Astronaut or AstroNOT - Statistics

General Stats
  • This quiz has been taken 30 times
    26 since last reset
  • The average score is 18 of 20
Answer Stats
Question Answer % Correct
Real or Fake? NO
100%
Real or Fake? NO
100%
Real or Fake? NO
100%
Real or Fake? NO
100%
Real or Fake? No
100%
Real or Fake NO
100%
Real or Fake? NO
100%
Real or Fake NO
100%
Real or Fake? OFC
100%
Real or Fake? Surprisingly NO
100%
Real or Fake? Yes
100%
Real or Fake? Yes
100%
Real or Fake? NO
80%
Real or Fake? NO
80%
Real or Fake? NO
80%
Real or Fake? Yes
80%
Real or Fake? Yes
80%
Real or Fake? Yes
80%
Real or Fake? Yes
60%
Real or Fake? NO
40%
No matching quizzes found
Score Distribution
Percent of People with Each Score
Percentile by Number Answered
Your Score History
You have not taken this quiz since the last reset